[Event "IV Open"]
[Site "Lido Estensi ITA"]
[Date "2003.06.10"]
[Round "4"]
[White "Scalcione,M"]
[Black "Bordi,K"]
[Result "0-1"]
[WhiteElo "2366"]
[BlackElo "2173"]

1.Nf3 g6 2.d4 Nf6 3.c4 Bg7 4.Nc3 O-O 5.e4 d6 6.Be2 e5 7.Be3 Ng4 8.Bg5 f6
9.Bc1 Nc6 10.d5 Ne7 11.h3 Nh6 12.h4 Nf7 13.h5 g5 14.Qb3 c5 15.g4 Rb8 16.Nh2 Bd7
17.Nf1 a6 18.Ng3 b5 19.a3 Qc7 20.O-O b4 21.axb4 Rxb4 22.Qc2 Qb7 23.f3 Rb8
24.Qd3 Nc8 25.Bd1 Nb6 26.b3 Na8 27.Be3 Qc8 28.Kg2 Bf8 29.Rf2 Nc7 30.Rfa2 Be7
31.Kh3 Bf8 32.Bc2 Kh8 33.Bd2 R4b7 34.Qe2 Kg8 35.Nf5 Nh6 36.Ra3 Nxf5 37.exf5 Kf7
38.Ne4 Be7 39.Qd3 h6 40.Be3 Bf8 41.Kg2 Rb6 42.Bd2 R6b7 43.Bc3 Ra8 44.R1a2 Rab8
45.Qd1 Ra8 46.Qa1 Qb8 47.Bd1 Qc8 48.Re2 Qe8 49.Ba5 Qc8 50.Bc2 Ne8 51.Qc3 Rab8
52.Ra1 Be7 53.Qd3 Bd8 54.Bc3 Ra8 55.Rae1 Qb8 56.Bxe5 dxe5 57.Nxc5 Rc7 58.Ne6 Be7
59.Rxe5 Bd6 60.R5e2 Rc8 61.c5 Rxc5 62.Nxc5 Bxc5 63.Qc4 Bd6 64.Re7+ Bxe7 65.d6+ Kf8
66.dxe7+ Kg7 67.Be4 Ra7 68.Bd5 Rc7 69.Qe4 Rc5 70.Bc4 Re5 71.Qd3 Rxe1 72.Qxd7 Qb6
73.Bf1 Qb8 74.Qd5 Rxe7  0-1

[Event "IV Open"]
[Site "Lido Estensi ITA"]
[Date "2003.06.10"]
[Round "4"]
[White "Chabanon,JL"]
[Black "Radovanovic,J"]
[Result "1/2-1/2"]
[WhiteElo "2492"]
[BlackElo "2233"]

1.d4 Nf6 2.Nf3 g6 3.c4 Bg7 4.Nc3 d6 5.e4 O-O 6.Be2 e5 7.Be3 Qe7 8.dxe5 dxe5
9.Nd5 Qd6 10.Nd2 Nc6 11.Nb3 Re8 12.f3 a5 13.a4 Nd4 14.Nxd4 exd4 15.Bxd4 Nxd5
16.Bxg7 Qb4+ 17.Qd2 Ne3 18.Bc3 Qc5 19.Bd3 Be6 20.b4 axb4 21.Bxb4 Qd4 22.Bc3 Qc5
23.Bb4 Qd4 24.Bc3 Qd7 25.Ke2 Nf5 26.g4 Nd4+ 27.Bxd4 Qxd4 28.Rhc1 Red8 29.Qc3 Qd7
30.Bc2 Qd6 31.e5 Qc5 32.Be4 Rd4 33.Kf1 Rad8 34.Rc2 Rc8 35.Qb2 Rxc4 36.Rac1 Rxc2
37.Qxc2 Qd4 38.Bxb7 Rb8 39.Qxc7 Bc4+ 40.Kg2 Qd2+ 41.Kh3 Qxc1 42.Qxb8+ Kg7
43.g5  1/2-1/2

[Event "IHEM"]
[Site "Hamburg GER"]
[Date "2003.06.11"]
[Round "5"]
[White "Levin,F"]
[Black "Lanka,Z"]
[Result "1/2-1/2"]
[WhiteElo "2519"]
[BlackElo "2488"]

1.d4 Nf6 2.c4 g6 3.Nc3 Bg7 4.e4 d6 5.Nf3 O-O 6.Be2 e5 7.Be3 Ng4 8.Bg5 f6
9.Bc1 Kh8 10.h3 exd4 11.Nxd4 Ne5 12.O-O Nbc6 13.Nxc6 Nxc6 14.Be3 f5  1/2-1/2

[Event "IHEM"]
[Site "Hamburg GER"]
[Date "2003.06.11"]
[Round "5"]
[White "Berkes,F"]
[Black "Moreno Carnero,J"]
[Result "1/2-1/2"]
[WhiteElo "2578"]
[BlackElo "2504"]

1.d4 Nf6 2.c4 g6 3.Nc3 Bg7 4.e4 d6 5.Nf3 O-O 6.Be2 e5 7.Be3 Na6 8.d5 Nc5
9.Nd2 a5 10.a3 h5 11.f3 h4 12.b4 axb4 13.axb4 Rxa1 14.Qxa1 Na6 15.Qa3 Nh5
16.b5 Nc5 17.Bxc5 dxc5 18.Qxc5 Bh6 19.Qf2 Bf4 20.Kd1 b6 21.Kc2 Bd7 22.Bd3 Qe7
23.c5 bxc5 24.Ra1 Bxh2 25.Ra7 Bg3 26.Qg1 Rc8 27.Nc4 Nf4 28.b6 Nxd3 29.Kxd3 cxb6
30.d6 Qe6 31.Nd5 Bb5 32.Qb1 Bxc4+ 33.Kxc4 Qxd6 34.Ne7+ Kg7 35.Nxc8  1/2-1/2

[Event "IEWCC"]
[Site "Istanbul TUR"]
[Date "2003.06.11"]
[Round "8"]
[White "Gerasimovitch,O"]
[Black "Chasovnikova,E"]
[Result "0-1"]
[WhiteElo "2200"]
[BlackElo "2319"]

1.d4 Nf6 2.c4 g6 3.Nc3 Bg7 4.e4 O-O 5.Nf3 d6 6.Be2 e5 7.Be3 Ng4 8.Bg5 f6
9.Bh4 Qe8 10.d5 f5 11.Nd2 Nf6 12.f3 a5 13.O-O Na6 14.a3 Bd7 15.Bf2 f4 16.Rb1 a4
17.Nb5 g5 18.Qxa4 h5 19.Qc2 g4 20.Nc3 Qg6 21.Bh4 Bh6 22.b4 Bg5 23.Bxg5 Qxg5
24.c5 g3 25.c6 Qh4 26.h3 Bxh3 27.gxh3 Qxh3 28.Rf2 gxf2+ 29.Kxf2 Qg3+ 30.Kf1 b6
31.Bc4 h4 32.Ne2 Qh3+ 33.Ke1 Qh1+ 34.Kf2 Qh2+ 35.Ke1 h3 36.Nf1 Qg2 37.Qd3 Nxb4
38.axb4 Nh5 39.Kd2 Qf2 40.Kc3 Ng3 41.Nfxg3 fxg3 42.f4 exf4 43.e5 Kg7 44.Nd4 dxe5
45.Ne6+ Kh6 46.Nxf8 Rxf8 47.Rf1 Qd4+ 48.Qxd4 exd4+ 49.Kxd4 g2 50.Re1 h2 51.Re6+ Kg5
52.Re5+ Kh4  0-1

[Event "FSFMA June"]
[Site "Budapest HUN"]
[Date "2003.06.12"]
[Round "6"]
[White "Garnier Salvi,V"]
[Black "Resika,N"]
[Result "0-1"]
[WhiteElo "1986"]
[BlackElo "2185"]

1.Nf3 g6 2.c4 Bg7 3.Nc3 d6 4.d4 Nf6 5.e4 O-O 6.Be2 Na6 7.O-O e5 8.d5 Nc5
9.Qc2 a5 10.Bg5 h6 11.Be3 Nh5 12.a3 f5 13.b4 Nxe4 14.Nxe4 fxe4 15.Nd2 Nf4
16.Nxe4 Qh4 17.f3 Bf5 18.g3 Bxe4 19.fxe4 Nxe2+ 20.Qxe2 Rxf1+ 21.Rxf1 Qxe4
22.Qd2 axb4 23.axb4 g5 24.h4 Qxc4 25.hxg5 Ra2 26.Qd1 Qe2 27.Qxe2 Rxe2 28.Ba7 Ra2
29.Bb8 Rc2 30.g6 e4 31.Rf7 e3 32.Re7 Be5 33.Rf7 e2  0-1

[Event "IHEM"]
[Site "Hamburg GER"]
[Date "2003.06.12"]
[Round "6"]
[White "Moreno Carnero,J"]
[Black "Lanka,Z"]
[Result "1-0"]
[WhiteElo "2504"]
[BlackElo "2488"]

1.d4 Nf6 2.Nf3 g6 3.c4 Bg7 4.Nc3 d6 5.e4 O-O 6.Be2 e5 7.Be3 Ng4 8.Bg5 f6
9.Bh4 g5 10.Bg3 Nh6 11.d5 a5 12.Nd2 Na6 13.O-O Nc5 14.Nb3 b6 15.f3 f5 16.Nxc5 bxc5
17.a3 Kh8 18.Bf2 f4 19.Rb1 Rg8 20.b4 axb4 21.axb4 cxb4 22.Nb5 Bd7 23.h3 Nf7
24.Kh2 Bf8 25.Rh1 Rg6 26.Rxb4 h5 27.Kg1 Kg8 28.Kf1 Nh6 29.Ra4 c6 30.dxc6 Bxc6
31.Bd3 Rg7 32.Ke2 Rxa4 33.Qxa4 Qf6 34.Qa6 Bb7 35.Qb6 Qe6 36.Ra1 g4 37.hxg4 hxg4
38.c5 Kh7 39.Nxd6 Bxd6 40.Qxd6 Qb3 41.Qxe5 gxf3+ 42.gxf3 Bc6 43.Rb1  1-0

[Event "IV Open"]
[Site "Lido Estensi ITA"]
[Date "2003.06.12"]
[Round "6"]
[White "Naumkin,I"]
[Black "Isonzo,D"]
[Result "1/2-1/2"]
[WhiteElo "2431"]
[BlackElo "2340"]

1.d4 Nf6 2.Nf3 g6 3.c4 Bg7 4.Nc3 d6 5.e4 O-O 6.Be2 e5 7.d5 a5 8.Bg5 h6 9.Bh4 Na6
10.O-O Qe8 11.Nd2 Nh7 12.a3 Bd7 13.b3 f5 14.exf5 Bxf5 15.g4 e4 16.Rc1 e3
17.gxf5 exd2 18.Qxd2 Nc5 19.Qd1 Rxf5 20.b4 axb4 21.axb4 Ne4 22.Nb5 Rf7 23.Bg4 Nhg5
24.Bxg5 Nxg5 25.h4 Qe5 26.hxg5 Qxg5 27.Nxc7 Rf4 28.f3 Bd4+ 29.Kg2 Ra2+ 30.Rc2 Rxc2+
31.Qxc2 Rxg4+ 32.fxg4 Qxg4+ 33.Kh2 Qh4+ 34.Kg2 Qg4+ 35.Kh2 Qh4+ 36.Kg2 Qg4+  1/2-1/2

[Event "FSIM June"]
[Site "Budapest HUN"]
[Date "2003.06.13"]
[Round "7"]
[White "Vigorito,D"]
[Black "Husari,Sa"]
[Result "1/2-1/2"]
[WhiteElo "2298"]
[BlackElo "2334"]

1.Nf3 Nf6 2.c4 g6 3.Nc3 Bg7 4.e4 d6 5.d4 O-O 6.Be2 e5 7.O-O exd4 8.Nxd4 Re8
9.f3 Nc6 10.Be3 Nh5 11.Qd2 Nf4 12.Rfd1 Nxd4 13.Bxd4 Qg5 14.Bf1 Bxd4+ 15.Qxd4 Ne6
16.Qf2 Qc5 17.g3 Qxf2+ 18.Kxf2 Rd8 19.Rd2 Bd7 20.Re1 f6 21.h4 Kf7 22.Bh3 Nc5
23.Bg2 Na4 24.Nd5 c6 25.Ne3 Ke7 26.f4 a5 27.h5 Be8 28.g4 Bf7 29.Red1 Nc5
30.Kg3  1/2-1/2

[Event "LXVII ch-CRC"]
[Site "Cenfotec CRC"]
[Date "2003.06.13"]
[Round "1"]
[White "Minero,B"]
[Black "Minero Pineda,S"]
[Result "0-1"]
[WhiteElo "2163"]
[BlackElo "2426"]

1.d4 Nf6 2.c4 g6 3.Nc3 Bg7 4.e4 d6 5.Nf3 O-O 6.Be2 e5 7.dxe5 dxe5 8.Qxd8 Rxd8
9.O-O Nbd7 10.Bg5 c6 11.h3 Re8 12.Rad1 Nc5 13.Bxf6 Bxf6 14.Rd2 Ne6 15.Rfd1 Nd4
16.Nh2 Be6 17.b3 h5 18.f4 Nxe2+ 19.Nxe2 exf4 20.Nxf4 Bg5 21.Rf2 Bxf4 22.Rxf4 Rad8
23.Rff1 Kf8 24.Nf3 Ke7 25.Ng5 Rxd1 26.Rxd1 a5 27.Kf2 Ra8 28.Ke3 a4 29.Nxe6 Kxe6
30.g4 hxg4 31.hxg4 axb3 32.axb3 Rh8 33.Rf1 f6 34.Rg1 Rh3+ 35.Kd4 Rxb3 36.g5 b6
37.gxf6 c5+  0-1

[Event "IHEM"]
[Site "Hamburg GER"]
[Date "2003.06.13"]
[Round "7"]
[White "Berkes,F"]
[Black "Van Delft,M"]
[Result "1-0"]
[WhiteElo "2578"]
[BlackElo "2341"]

1.d4 Nf6 2.c4 g6 3.Nc3 Bg7 4.e4 d6 5.Be2 O-O 6.Nf3 e5 7.Be3 Ng4 8.Bg5 f6
9.Bh4 g5 10.Bg3 Nh6 11.d5 f5 12.h3 Nd7 13.Qc2 Nc5 14.Nd2 Bd7 15.f3 fxe4 16.fxe4 Qe8
17.b4 Na6 18.a3 Kh8 19.Bf2 g4 20.Be3 gxh3 21.gxh3 Nf7 22.c5 Nb8 23.O-O-O c6
24.Bh5 a5 25.Nc4 axb4 26.Nxd6 Qe7 27.Nxf7+ Rxf7 28.axb4 Rf8 29.Bg4 Be8 30.Kb1 Nd7
31.Rhf1 Rxf1 32.Rxf1 cxd5 33.Nxd5 Qd8 34.Rd1 Bf7 35.Nc3 Be8 36.Bxd7 Bxd7
37.Qd3 Qb8 38.Qxd7 Qa7 39.Qd8+ Rxd8 40.Rxd8+ Bf8 41.Bh6  1-0

[Event "IEWCC"]
[Site "Istanbul TUR"]
[Date "2003.06.13"]
[Round "10"]
[White "Nill,J"]
[Black "Zielinska,Mar"]
[Result "0-1"]
[WhiteElo "2271"]
[BlackElo "2430"]

1.d4 Nf6 2.c4 g6 3.Nc3 Bg7 4.e4 d6 5.Nf3 O-O 6.Be2 Nbd7 7.O-O e5 8.Be3 Ng4
9.Bg5 f6 10.Bd2 Nh6 11.dxe5 dxe5 12.Qc1 Nf7 13.Rd1 c6 14.b4 Qe7 15.Rb1 Re8
16.a4 a5 17.bxa5 Nc5 18.Rb6 Bf8 19.Ne1 Qc7 20.Nc2 Nd8 21.Ne3 Nde6 22.Bg4 Rd8
23.Qb1 Rd4 24.Ne2 Rd8 25.Nc3 Qf7 26.Be1 Re8 27.Rb2 Be7 28.Qc1 Bd8 29.Ncd5 Nxa4
30.Ra2 Nac5 31.a6 Rxa6 32.Rxa6 Nxa6 33.Qb1 h5 34.Bh3 Nac5 35.Bb4 Nd7 36.Nc3 Bc7
37.Na4 Nd4 38.Kh1 b6 39.Bc3 Ne2 40.Bb4 Nd4 41.Bc3 Qe7 42.Bb4 Qf7 43.Bc3 Qe7
44.Bb4 Qd8 45.Bc3 Ne6 46.Bb4 Kf7 47.Rd2 Nd4 48.Bc3 Qe7 49.Bb4 Nc5 50.Bxc8 Rxc8
51.Nxc5 bxc5 52.Bc3 Rd8 53.Rb2 Rd7 54.h3 Ne6 55.Rd2 Nd4 56.Qd1 Bd6 57.Qb1 Qd8
58.Rb2 Bc7 59.Qa2 Bd6 60.Qb1 Qc7 61.Qa2 Bf8 62.Qa8 Qa7 63.Rb8 Qxa8 64.Rxa8 Bh6
65.Nf1 Ne2 66.Bb2 Rd1 67.Ra1 Bc1 68.g3 Rxf1+ 69.Kg2 Rg1+ 70.Kf3 Bxb2 71.Ra7+ Ke6
72.Kxe2 Bd4  0-1

[Event "IEWCC"]
[Site "Istanbul TUR"]
[Date "2003.06.13"]
[Round "10"]
[White "Mira,H"]
[Black "Kouvatsou,M"]
[Result "1-0"]
[WhiteElo "2126"]
[BlackElo "2233"]

1.Nf3 Nf6 2.c4 g6 3.Nc3 Bg7 4.e4 d6 5.d4 O-O 6.Be2 e5 7.d5 a5 8.Bg5 h6 9.Bh4 Na6
10.Nd2 h5 11.f3 Bh6 12.Bf2 Nh7 13.h4 f5 14.a3 Nc5 15.Rb1 Bxd2+ 16.Qxd2 fxe4
17.b4 axb4 18.axb4 Nd3+ 19.Bxd3 exd3 20.Ne4 Bf5 21.O-O Bxe4 22.fxe4 Qd7 23.Qxd3 Qg4
24.Rbe1 Ra2 25.c5 Rf4 26.b5 dxc5 27.d6 Qe6 28.dxc7 Ra8 29.Bxc5 Rc8 30.Rxf4 exf4
31.b6 Nf6 32.Rd1 Kf7 33.Qd8  1-0

[Event "It"]
[Site "Leposavic YUG"]
[Date "2003.06.15"]
[Round "3"]
[White "Kocovski,I"]
[Black "Markovic,Miros"]
[Result "0-1"]
[WhiteElo "2271"]
[BlackElo "2504"]

1.d4 Nf6 2.c4 g6 3.Nc3 Bg7 4.e4 O-O 5.Nf3 d6 6.Be2 e5 7.Be3 h6 8.O-O Ng4
9.Bc1 Nc6 10.d5 Ne7 11.Nd2 f5 12.Bxg4 fxg4 13.b4 a5 14.bxa5 Rxa5 15.Nb3 Ra6
16.c5 g5 17.cxd6 cxd6 18.Be3 Ng6 19.Nb5 Nf4 20.a4 Bd7 21.Nd2 Rf7 22.Nc4 Bf8
23.Qb3 h5 24.Ra2 h4 25.a5 Qf6 26.Bb6 Nxg2 27.Kxg2 Qf3+ 28.Qxf3 gxf3+ 29.Kh1 Bxb5
30.Rc1 g4 31.Ne3 g3 32.hxg3 hxg3 33.fxg3 Bd3 34.Ra4 Bh6 35.Rc8+ Kh7 36.Ng4 Rxb6
37.axb6 f2 38.Nxf2 Rxf2 39.Rc7+ Kg6 40.Rxb7 Be3 41.Rd7 Be2 42.Ra3 Bf3+  0-1

[Event "Master Open"]
[Site "Voronezh RUS"]
[Date "2003.06.17"]
[Round "5"]
[White "Bashkirov,A"]
[Black "Kuznetsov,Vi2"]
[Result "1-0"]
[WhiteElo "2108"]
[BlackElo "2399"]

1.d4 Nf6 2.c4 g6 3.Nf3 Bg7 4.Nc3 O-O 5.e4 d6 6.Be2 e5 7.d5 a5 8.Bg5 Na6 9.Nd2 h6
10.Bh4 Qe8 11.a3 Bd7 12.b3 Nh7 13.O-O h5 14.f3 Bh6 15.Qc2 f5 16.exf5 gxf5
17.Rae1 Qg6 18.Bd3 Nc5 19.b4 axb4 20.axb4 Nxd3 21.Qxd3 Kh8 22.c5 Rg8 23.Re2 Ng5
24.Kh1 Ra3 25.Qc2 Raa8 26.Nc4 Raf8 27.b5 e4 28.Bxg5 Bxg5 29.f4 Bf6 30.c6 bxc6
31.bxc6 Be8 32.Nb5 Qg7 33.Ne3 Bg6 34.Qc4 Ra8 35.Ra2 h4 36.h3 Rgb8 37.Rff2 Kh7
38.Ra4 Rxa4 39.Qxa4 Rxb5 40.Qxb5 Bd4 41.Qe2 Bc5 42.Rf1 Qf7 43.Re1 Bh5 44.Qd2 Bb6
45.Nc4 Bc5 46.Ne3 Bb6 47.Qc3  1-0

[Event "Master Open"]
[Site "Voronezh RUS"]
[Date "2003.06.19"]
[Round "7"]
[White "Emelianov,S"]
[Black "Lutsko,I"]
[Result "0-1"]
[WhiteElo "2282"]
[BlackElo "2420"]

1.d4 Nf6 2.c4 g6 3.Nc3 Bg7 4.e4 O-O 5.Nf3 d6 6.Be2 Na6 7.O-O e5 8.d5 Nc5
9.Qc2 a5 10.Bg5 h6 11.Bh4 g5 12.Bg3 Nh5 13.Nd2 Nf4 14.Qd1 f5 15.f3 Qe8 16.exf5 Bxf5
17.Nde4 Qg6 18.Nxc5 dxc5 19.Bf2 b6 20.Re1 Rae8 21.h3 h5 22.Bg3 g4 23.fxg4 Bc2
24.Qd2 Bh6 25.g5 Bxg5 26.Bxf4 Bxf4 27.Bxh5 Bxd2 28.Bxg6 Bxg6 29.Re2 Bxc3
30.bxc3 Bd3 31.Re3 Bxc4 32.Rd1 Rf6  0-1

[Event "TCh-NED Playoff"]
[Site "Enschede NED"]
[Date "2003.06.21"]
[Round "1"]
[White "Gustafsson,J"]
[Black "Solleveld,Maa"]
[Result "0-1"]
[WhiteElo "2573"]
[BlackElo "2457"]

1.d4 Nf6 2.c4 g6 3.Nc3 Bg7 4.e4 d6 5.Nf3 O-O 6.Be2 e5 7.Be3 Ng4 8.Bg5 f6
9.Bh4 g5 10.Bg3 Nh6 11.d5 Nd7 12.h3 f5 13.Nd2 Nf6 14.Qc2 c6 15.a4 cxd5 16.cxd5 fxe4
17.Ndxe4 Nxe4 18.Qxe4 Qb6 19.O-O Nf5 20.Bd3 Bd7 21.b4 Rac8 22.Ne2 a5 23.bxa5 Qxa5
24.f3 Rf6 25.Rfb1 Rh6 26.Bf2 Ne7 27.Rxb7 Bf5 28.Qe3 Qxd5 29.Bxf5 Nxf5 30.Qxg5 Qxb7
31.Qxf5 Rf8 32.Qc2 d5 33.Rb1 Qc6 34.Qb3 Qc4 35.Qxc4 dxc4 36.Nc3 Ra6 37.Rb4 Rc8
38.Nd5 Bf8 39.Rb2 Rxa4 40.Nb6 Ra1+ 41.Kh2 Rc6 42.Rc2 Rb1 43.Nd5 Kf7 44.Nc3 Rb3
45.Bg3 Ke6 46.Ne4 c3 47.Be1 Bb4 48.Nd2  0-1

[Event "IM"]
[Site "Elancourt FRA"]
[Date "2003.06.22"]
[Round "2"]
[White "Legky,N"]
[Black "Moracchini,F"]
[Result "1/2-1/2"]
[WhiteElo "2497"]
[BlackElo "2302"]

1.d4 Nf6 2.c4 g6 3.Nc3 Bg7 4.e4 d6 5.Nf3 O-O 6.Be2 Na6 7.O-O e5 8.d5 Nc5
9.Nd2 a5 10.Qc2 Ne8 11.Nb3 f5 12.Nxc5 dxc5 13.exf5 gxf5 14.f4  1/2-1/2

[Event "TCh-BIH"]
[Site "Jahorina BIH"]
[Date "2003.06.22"]
[Round "2"]
[White "Burovic,I"]
[Black "Savic,Miod1"]
[Result "1/2-1/2"]
[WhiteElo "2368"]
[BlackElo "2493"]

1.Nf3 Nf6 2.c4 g6 3.Nc3 Bg7 4.e4 d6 5.d4 O-O 6.Be2 e5 7.d5 Na6 8.Nd2 Bd7
9.a3 c5 10.dxc6 bxc6 11.b4 Nc7 12.Nb3 Ne6 13.O-O Nd4 14.Be3 Nxb3 15.Qxb3 Ng4
16.Bxg4 Bxg4 17.f3 Be6 18.Rfd1 Qb8 19.Qa4 Rc8 20.Qa6 Bf8 21.Rac1 Rc7 22.Na4 Qb7
23.Qa5 Rd7 24.Nb2 Be7 25.Nd3 f6 26.h3 Rb8 27.Qa4 Kg7 28.Qc2 a6 29.Qc3 Kg8  1/2-1/2

[Event "2nd NAO GM"]
[Site "Paris FRA"]
[Date "2003.06.22"]
[Round "3"]
[White "Chabanon,JL"]
[Black "Georgiev,Kr"]
[Result "1-0"]
[WhiteElo "2492"]
[BlackElo "2516"]

1.d4 Nf6 2.c4 g6 3.Nc3 Bg7 4.e4 d6 5.Nf3 O-O 6.Be2 e5 7.Be3 Ng4 8.Bg5 f6
9.Bh4 Nc6 10.d5 Ne7 11.Nd2 Nh6 12.f3 g5 13.Bf2 f5 14.h3 c5 15.dxc6 bxc6 16.Nf1 Be6
17.g4 f4 18.Qa4 Nf7 19.Rd1 a5 20.h4 Qb8 21.Qc2 Bf6 22.a3 Kg7 23.Nd2 gxh4
24.c5 d5 25.Na4 Ng6 26.Bd3 Ng5 27.Nb6 Ra7 28.Ke2 h3 29.Ra1 Bd8 30.b4 Bxg4
31.fxg4 f3+ 32.Kd1 Nf4 33.b5 Bxb6 34.cxb6 Rd7 35.bxc6 dxe4 36.cxd7 Nxd3 37.Be3  1-0

[Event "2nd It"]
[Site "Grenoble FRA"]
[Date "2003.06.23"]
[Round "3"]
[White "Demarchi,O"]
[Black "Todorov,T"]
[Result "1/2-1/2"]
[WhiteElo "2222"]
[BlackElo "2470"]

1.d4 d6 2.c4 e5 3.Nf3 Nd7 4.Nc3 Ngf6 5.e4 g6 6.Be2 Bg7 7.O-O O-O 8.Be3 a5
9.Qc2 c6 10.Rfd1 exd4 11.Nxd4 Re8 12.f3 a4 13.Nxa4 d5 14.cxd5 Nxd5 15.Bf2 Nf4
16.Bf1 Qg5 17.Kh1 Nh5 18.Nc3 Be5 19.g3 Qh6 20.f4 Bb8  1/2-1/2

[Event "TCh-BIH"]
[Site "Jahorina BIH"]
[Date "2003.06.23"]
[Round "4"]
[White "Markus,R"]
[Black "Ivanisevic,I"]
[Result "1-0"]
[WhiteElo "2472"]
[BlackElo "2569"]

1.d4 Nf6 2.c4 g6 3.Nc3 Bg7 4.e4 d6 5.Nf3 O-O 6.Be2 e5 7.d5 a5 8.Bg5 h6 9.Bh4 Na6
10.Nd2 Bd7 11.O-O Nc5 12.f3 Qe8 13.Bf2 Nh5 14.g3 Qe7 15.Qc2 f5 16.Nb3 Na4
17.Nxa4 Bxa4 18.c5 Bd7 19.Nd2 Nf6 20.Kg2 h5 21.cxd6 cxd6 22.Nc4 fxe4 23.fxe4 Rac8
24.Qd3 Bb5 25.b3 Bh6 26.a4 Ba6 27.Bb6 Ra8 28.Bg1 Kg7 29.h4 Qc7 30.Qc2 Rac8
31.Rf3 Ng4 32.Raf1 b5 33.Rxf8 Rxf8 34.Rxf8 Kxf8 35.Na3 Qxc2 36.Nxc2 bxa4
37.Bxa6 axb3 38.Na3 a4 39.Nb1 Bc1 40.Bc4 Ke7 41.Nc3 b2 42.Ba2 Nf6 43.Kf3 g5
44.hxg5 Nh7 45.Be3 Nxg5+ 46.Bxg5+ Bxg5 47.Nxa4 Bc1 48.Bb1 Kf6 49.Bd3 Ke7
50.Kg2 Kf6 51.Nb6 Ke7 52.Kh3 Be3 53.Nc4  1-0

[Event "I Carvalho Mem Masters"]
[Site "Maia POR"]
[Date "2003.06.24"]
[Round "3"]
[White "Movsziszian,K"]
[Black "Vassallo,M"]
[Result "1/2-1/2"]
[WhiteElo "2468"]
[BlackElo "2440"]

1.d4 Nf6 2.c4 g6 3.Nc3 Bg7 4.e4 d6 5.Nf3 O-O 6.Be2 e5 7.dxe5 dxe5 8.Qxd8 Rxd8
9.Bg5 Re8 10.Nd5 Nxd5 11.cxd5 c6 12.Bc4 cxd5 13.Bxd5 Nc6 14.O-O-O Nb4  1/2-1/2

[Event "zt 3.2a w"]
[Site "Ho Chi Minh City VIE"]
[Date "2003.06.25"]
[Round "6"]
[White "Chau Thi Ngoc Giao"]
[Black "Luong Minh Hue"]
[Result "1/2-1/2"]
[WhiteElo "2173"]
[BlackElo "2116"]

1.d4 Nf6 2.c4 g6 3.Nc3 Bg7 4.e4 d6 5.Nf3 O-O 6.Be2 e5 7.Be3 Nc6 8.d5 Ne7
9.Nd2 Nd7 10.b4 f5 11.f3 Nf6 12.O-O f4 13.Bf2 g5 14.c5 Rf7 15.cxd6 cxd6 16.Nc4 b6
17.a4 Ng6 18.a5 Rb8 19.axb6 axb6 20.Nb5 Bf8 21.Na7 Ne7 22.Nb5 Ng6 23.Na7 Ne7
24.Nxe5 dxe5 25.d6 Ng6 26.Nc6 Qxd6 27.Qxd6 Bxd6 28.Nxb8 Bxb8 29.Bc4 Nd7 30.Rfd1 Ngf8
31.b5 Kg7 32.Bxf7 Kxf7 33.Be1 Ne6 34.Ra8 Nd4 35.Rda1 Ke8 36.Rxb8 Nxb8 37.Ra8 Kd8
38.Rxb8 Kc7 39.Ra8 Kb7 40.Ra2 Nxb5 41.Rb2 Nd6 42.Bc3 Be6 43.Rd2 Nf7 44.Rc2 b5
45.Bb4 Bc4 46.Rd2 Kc7 47.Kf2 h5 48.g4 h4 49.Ke1 Kc6 50.Be7 Kc7 51.Kd1 Kc6
52.Kc2 Kc7 53.Kc3 Kc6 54.Kb4 Be6 55.Bf6 Bc4 56.Bg7 Be6 57.Rc2+ Bc4 58.Bf8 Kb6
59.Rd2 Kc6 60.Ka5 Kc7 61.Kb4 Kc6 62.Be7 Be6 63.Kc3 Kc7 64.Rd1 Bc4 65.Kd2 Kd7
66.Bb4 Kc6 67.Ra1 Kb7 68.Be7 Bb3 69.Ra5 Bc4 70.Ke1 Bd3 71.Ra3 Bc4 72.Kd2 Bf1
73.Kc3 Be2 74.Kb4 Kc6 75.Bc5 Nd8 76.Ra6+ Kd7 77.Rd6+ Ke8 78.Rg6 Kf7 79.Rxg5 Nc6+
80.Kc3 Bxf3 81.Rh5 Bxe4 82.Rxh4 Bg6 83.g5 Nd8 84.Bd6 Nc6 85.Bxe5 Nxe5 86.Rxf4+ Kg7
87.h4 Nf7 88.Kb4 Bd3 89.Rd4 Bc4 90.Rd7 Kg6  1/2-1/2

[Event "2nd NAO GM"]
[Site "Paris FRA"]
[Date "2003.06.25"]
[Round "6"]
[White "Shchekachev,A"]
[Black "Georgiev,Kr"]
[Result "1-0"]
[WhiteElo "2592"]
[BlackElo "2516"]

1.Nf3 Nf6 2.c4 g6 3.Nc3 Bg7 4.e4 d6 5.d4 O-O 6.Be2 e5 7.Be3 Ng4 8.Bg5 f6
9.Bh4 Nc6 10.d5 Ne7 11.Nd2 Nh6 12.f3 c5 13.Rb1 g5 14.Bf2 f5 15.b4 b6 16.bxc5 bxc5
17.h3 Rf7 18.g4 fxg4 19.hxg4 Ng6 20.Be3 Nh4 21.Rh2 Bd7 22.Rb3 Kh8 23.Qc1 Ng8
24.Nd1 h6 25.Nf2 Qf8 26.Qb1 Ba4 27.Ra3 Rb8 28.Qc1 Be8 29.Kf1 Ne7 30.Kg1 Neg6
31.Rb3 Nf4 32.Bd1 Rfb7 33.Nh1 Bf6 34.Ng3 Bd8 35.Nf5 Kg8 36.Nf1 Rb6 37.N1g3 R8b7
38.Qa3 Rb4 39.Qa6 R4b6 40.Qxb7 Rxb7  1-0

[Event "2nd It"]
[Site "Grenoble FRA"]
[Date "2003.06.26"]
[Round "8"]
[White "Demarchi,O"]
[Black "Safranska,A"]
[Result "1-0"]
[WhiteElo "2222"]
[BlackElo "2337"]

1.d4 Nf6 2.c4 g6 3.Nc3 Bg7 4.e4 d6 5.Nf3 O-O 6.Be2 e5 7.O-O Na6 8.Be3 Ng4
9.Bg5 f6 10.Bc1 Qe8 11.h3 Nh6 12.Rb1 Nf7 13.b4 exd4 14.Nxd4 Nxb4 15.Rxb4 c5
16.Rb3 cxd4 17.Nd5 Qd8 18.Bb2 Ng5 19.Bf3 Ne6 20.Bxd4 Nxd4 21.Qxd4 Rf7 22.Rd1 f5
23.Qd2 fxe4 24.Bxe4 Qh4 25.Bf3 Be6 26.Ne3 Raf8 27.Rxb7 Rxf3 28.Rxg7+ Kxg7
29.gxf3 Qxh3 30.Qxd6 Rxf3 31.Qe7+ Rf7 32.Qg5 Qf3 33.Rd2 Qe4 34.Rd6 Bh3 35.Qg3 Rf3
36.Qh2 Rxe3 37.fxe3 Qg4+ 38.Kf2 Qf5+ 39.Qf4 Qc2+ 40.Ke1 Bf5 41.e4 Qc3+ 42.Rd2 Be6
43.e5 Bxc4 44.Kf2 Be6 45.Qe3 Qc8 46.a3 h5 47.Rd6 Qc2+ 48.Ke1 Qb1+ 49.Rd1 Qb7
50.Kf2 Qf7+ 51.Kg3 Qf5 52.Qxa7+ Kh6 53.Qe3+ g5 54.Rd8 h4+ 55.Kh2 Kg6 56.Qd3 Qxd3
57.Rxd3 Kf5 58.a4 Kxe5 59.a5 Bf5 60.Rd8 g4 61.a6 g3+ 62.Kg1 h3 63.Re8+ Kd4
64.a7 Be4 65.Rxe4+ Kxe4 66.a8=Q+ Kf4 67.Qa4+ Kg5 68.Qe4  1-0

[Event "zt 3.2a w"]
[Site "Ho Chi Minh City VIE"]
[Date "2003.06.27"]
[Round "8"]
[White "Chau Thi Ngoc Giao"]
[Black "Siti,Z"]
[Result "1-0"]
[WhiteElo "2173"]
[BlackElo "2055"]

1.d4 Nf6 2.c4 g6 3.Nc3 Bg7 4.e4 d6 5.Nf3 O-O 6.Be2 e5 7.Be3 Ng4 8.Bg5 f6
9.Bh4 Nc6 10.d5 Ne7 11.Nd2 Nh6 12.f3 g5 13.Bf2 f5 14.O-O Ng6 15.c5 Nf4 16.cxd6 cxd6
17.Kh1 Nxe2 18.Qxe2 f4 19.Nc4 g4 20.Nb5 gxf3 21.gxf3 Bh3 22.Rg1 Nf7 23.Nxa7 Kh8
24.Nb5 Bf6 25.b4 Qe7 26.Nb6 Rab8 27.Rac1 Rg8 28.a4 Bh4 29.Nc4 Bxf2 30.Qxf2 Rbc8
31.Rxg8+ Rxg8 32.Rg1 Rxg1+ 33.Qxg1 Ng5 34.Qf2 Nf7 35.a5 Qd7 36.Qb6 Qc8 37.Nbxd6 Nxd6
38.Qxd6 Kg8 39.Qc5 Qe8 40.b5 Qh5 41.Qf2 Qe8 42.Qb6 Qh5 43.Qd8+ Kg7 44.Qe7+ Kg8
45.Nxe5 Bf1 46.Qe6+ Kf8 47.Nd7+ Kg7 48.Qf6+  1-0

[Event "2nd Open"]
[Site "La Fere FRA"]
[Date "2003.06.29"]
[Round "2"]
[White "Duhayon,Y"]
[Black "Belkhodja,S"]
[Result "0-1"]
[WhiteElo "2227"]
[BlackElo "2443"]

1.d4 d6 2.Nf3 g6 3.c4 Bg7 4.Nc3 Nf6 5.e4 O-O 6.Be2 e5 7.O-O exd4 8.Nxd4 Re8
9.f3 c6 10.Be3 d5 11.cxd5 Nxd5 12.Nxd5 cxd5 13.Qb3 Nc6 14.Rad1 Bxd4 15.Bxd4 dxe4
16.Bc3 Qb6+ 17.Qxb6 axb6 18.fxe4 Rxe4 19.Bf3 Re8 20.Rd6 Be6 21.Bxc6 bxc6
22.Rxc6 b5 23.a3 h6 24.Rc7 Rad8 25.Re1 g5 26.Rc5 Rb8 27.Ree5 Bd7 28.Rxe8+ Bxe8
29.Kf2 Kh7 30.Rd5 Rb6 31.g3 Kg6 32.g4 f6 33.Bb4 Rc6 34.Rd6 Rc4 35.Bc3 Rxg4
36.Rxf6+ Kh5 37.Rb6 Rf4+ 38.Ke3 Rh4  0-1

[Event "White Nights"]
[Site "St Petersburg RUS"]
[Date "2003.06.29"]
[Round "1"]
[White "Shchukin,D"]
[Black "Utkin,Alek"]
[Result "0-1"]
[WhiteElo "2419"]
[BlackElo "2334"]

1.d4 d6 2.e4 g6 3.c4 Bg7 4.Nc3 Nd7 5.Nf3 e5 6.Be2 Ngf6 7.O-O O-O 8.Re1 c6
9.Bf1 Qb6 10.Rb1 exd4 11.Na4 Qc7 12.Nxd4 Nc5 13.Nc3 Re8 14.f3 Qe7 15.Bf4 Nh5
16.Nf5 gxf5 17.Bxd6 Qg5 18.Bxc5 Be5 19.Bf2 Rd8 20.h4 Qf6 21.Qc1 f4 22.Rd1 Be6
23.Be2 Kh8 24.Nd5 cxd5 25.cxd5 Bd7 26.Qd2 Qg7  0-1

[Event "ch-SWE"]
[Site "Umea SWE"]
[Date "2003.06.29"]
[Round "1"]
[White "Ahlander,B"]
[Black "Hillarp Persson,T"]
[Result "0-1"]
[WhiteElo "2389"]
[BlackElo "2474"]

1.d4 Nf6 2.c4 g6 3.Nc3 Bg7 4.e4 d6 5.Nf3 O-O 6.Be2 Na6 7.O-O e5 8.Be3 Ng4
9.Bg5 Qe8 10.Re1 exd4 11.Nxd4 Qe5 12.Nf3 Qa5 13.Qd2 Re8 14.Rab1 Bxc3 15.bxc3 Nc5
16.Bf1 Nxe4 17.Rb5 Qa3 18.Qf4 f5 19.c5 Qxc3 20.cxd6 cxd6 21.h3 Ngxf2 22.Rc1 Qg7
23.Rc2 Nd1 24.Qc1 Ndc3 25.Rb3 Nd5 26.Qd1 Nb6 27.Be3 Be6 28.Bd4 Qf7 29.Ba1 Bxb3
30.Qd4 Qf6 31.Qxf6 Nxf6 32.axb3 Nfd5 33.Rd2 Rac8 34.Kf2 Nc3 35.Kg1 Ne4 36.Rd1 Kf7
37.Nd4 Rc5 38.b4 Rd5 39.Rc1 Re7 40.g4 fxg4 41.hxg4 Nf6 42.Bg2 Rg5 43.Rf1 Rxg4
44.Kh2 Re5 45.Bh3 Rh5 46.Nb5 Nd5 47.Nxd6+ Ke7 48.Nc8+ Kd8 49.Nxa7 Ne4 50.Rf8+ Ke7
51.Bg7 Ng5 52.Nc8+ Kd7  0-1

[Event "2nd Open"]
[Site "La Fere FRA"]
[Date "2003.06.30"]
[Round "3"]
[White "Vanderstricht,G"]
[Black "Shchekachev,A"]
[Result "1/2-1/2"]
[WhiteElo "2397"]
[BlackElo "2592"]

1.d4 Nf6 2.c4 g6 3.Nc3 Bg7 4.e4 d6 5.Be2 O-O 6.Nf3 e5 7.O-O Na6 8.Re1 Qe8
9.Bg5 Bg4 10.h3 Bxf3 11.Bxf3 Nd7 12.Be3 c6 13.Be2 Nc7 14.d5 c5 15.g4 Qe7
16.Kh2 h6 17.Qd2 Kh7 18.Rab1 Rfc8 19.a3 Bf6 20.Bd3 Bg5 21.Kg2 Kg7 22.Rh1 Rh8
23.Bc2 Nb6 24.b3 Raf8 25.Ne2 Bxe3 26.Qxe3 Ne8 27.Ng3 Nf6 28.Bd1 Nbd7 29.h4 Nh7
30.Be2 Qf6 31.Rh3 Qf4 32.Bf3 Qxe3 33.fxe3 Rb8 34.Be2 Nhf6 35.Rhh1 Ne8 36.Rb2 Nc7
37.b4 Na6 38.b5 Nc7 39.a4 a5 40.Bd1 Na8  1/2-1/2